logo

Bir Sreshtho Munshi Abdur Rouf Library
Jhenaidah Cadet College

Easy French step-by-step : (Record no. 12314)

MARC details
000 -LEADER
fixed length control field 00853nam a2200265 a 4500
001 - CONTROL NUMBER
JCCL Control Number 12314
003 - CONTROL NUMBER IDENTIFIER
JCCL marc code BD-JhCC
005 - DATE AND TIME OF LATEST TRANSACTION
control field 20220727134023.0
008 - FIXED-LENGTH DATA ELEMENTS--GENERAL INFORMATION
fixed length control field 210403s2009 nyu 001 0 eng
020 ## - INTERNATIONAL STANDARD BOOK NUMBER
International Standard Book Number 9780071453875 (pbk.)
020 ## - INTERNATIONAL STANDARD BOOK NUMBER
International Standard Book Number 0071453873 (pbk.)
035 ## - SYSTEM CONTROL NUMBER
system control number (BD-JhCC)12314
040 ## - CATALOGING SOURCE
Original cataloging agency UKM
Transcribing agency UKM
Modifying agency ORX
-- DLC
-- BD-JhCC
041 0# - LANGUAGE CODE
Language code of Book eng
-- fre
050 00 - LIBRARY OF CONGRESS CALL NUMBER
Classification number PC2129.E5
Item number R59 2009
082 00 - DEWEY DECIMAL CLASSIFICATION NUMBER
Classification number 448.2421
DDC Edition number 22
Author mark and Year ROC 2009
100 1# - MAIN ENTRY--PERSONAL NAME
Personal name Rochester, Myrna Bell.
245 10 - TITLE STATEMENT
Title Easy French step-by-step :
Remainder of title master high-frequency grammar for French proficiency--fast! /
Statement of responsibility, etc Myrna Bell Rochester.
260 ## - PUBLICATION, DISTRIBUTION, ETC. (IMPRINT)
Place of publication, distribution, etc New York :
Name of publisher, distributor, etc McGraw-Hill,
Date of publication, distribution, etc c2009.
300 ## - PHYSICAL DESCRIPTION
Pagination xviii, 380 p. ;
Dimensions 24 cm.
500 ## - GENERAL NOTE
General note Includes index.
650 #0 - SUBJECT ADDED ENTRY--TOPICAL TERM
Topical term or geographic name as entry element French language
Form subdivision Textbooks for foreign speakers
General subdivision English.
650 #0 - SUBJECT ADDED ENTRY--TOPICAL TERM
Topical term or geographic name as entry element French language
General subdivision Grammar.
942 ## - ADDED ENTRY ELEMENTS (KOHA)
Source of classification or shelving scheme Dewey Decimal Classification
Koha item type Books
Koha issues (borrowed), all copies 1
Holdings
Source of classification or shelving scheme Damaged status Not for loan Home library Current library Shelving location Date of accession Total Checkouts Full call number Barcode Date last seen Date checked out Copy number Koha item type
Dewey Decimal Classification     JCC Rouf Library JCC Rouf Library General Stacks 04/03/2021 1 448.2421 ROC 2009 16636 08/23/2022 07/26/2022 C-1 Books

JCC Library | Contacts | JCC Home

Last Update on 23 September 2017
Copyright @ 2017-2020 JCC Rouf Library
Rouf Library, Jhenidah Cadet College (JCC), Bangladesh